000 00215nam a22000857a 4500
008 160624b xxu||||| |||| 00| 0 eng d
100 _91061
_aDeane, D
245 _aGrace Livingston Hill
260 _aN.Y
_b Bantam Books
_c1970
999 _c848
_d848